Plus Grandes Villes de France par Lettre - J/K - Statistiques

Statistiques générales
  • Ce quiz a été pris 167 fois
  • Le résultat moyen est 4 sur 16
Réponses sur la Carte
Les réponses sont colorées sur une échelle allant du rouge au vert en fonction du pourcentage des utilisateurs qui les ont devinées à leur premier essai. Vous pouvez retrouver ces pourcentages ci-dessous.
 
Statistiques - réponses
Population Ville % Correct
24 612 Kourou
63%
38 183 Joué-lès-Tours
61%
20 413 Joinville-le-Pont
48%
18 424 Juvisy-sur-Orge
44%
24 380 Le {Kremlin}-{Bicêtre}
30%
9 218 Joigny
28%
17 175 Jouy-le-Moutier
22%
32 156 Koungou
18%
12 783 Juvignac
14%
10 342 Jeumont
11%
13 178 Kingersheim
11%
9 374 Jarville-la-Malgrange
8%
5 643 Kembs
5%
8 144 Koné
5%
5 507 Kani-Kéli
4%
6 966 Kervignac
3%
Aucun quiz correspondant
Distribution des résultats
% des personnes avec chaque résultat
Percentile par nombre de réponses
Votre historique - résultats
Vous n’avez pas pris ce quiz